[Event "Moscow Botvinnik Memorial Cup"]
[Site "Moscow"]
[Date "2024.09.08"]
[Round "8.31"]
[White "Abbasov, Farid"]
[Black "Alijonov, Khojiakbar"]
[Result "1-0"]
[WhiteElo "2487"]
[BlackElo "1672"]
[PlyCount "85"]
[EventDate "2024.09.04"]
[EventType "team-tourn"]
[EventRounds "9"]
[EventCountry "RUS"]
[SourceTitle "EXT 2025"]
[Source "ChessBase"]
[SourceDate "2024.10.14"]
[SourceVersion "1"]
[SourceVersionDate "2024.10.14"]
[SourceQuality "1"]
[WhiteTeam "Azerbaijan"]
[BlackTeam "Uzbekistan"]
[WhiteTeamCountry "AZE"]
[BlackTeamCountry "UZB"]

1. d4 d5 2. c4 e6 3. cxd5 exd5 4. Nc3 c6 5. Qc2 Nf6 6. Bg5 Be7 7. e3 0-0 8. Bd3 g6 9. Nge2 Re8 10. 0-0 Nbd7 11. Rad1 Nf8 12. f3 Be6 13. Kh1 Nh5 14. Bxe7 Qxe7 15. e4 Rad8 16. e5 f5 17. f4 Rc8 18. Qd2 Red8 19. Na4 b6 20. b4 Bd7 21. a3 c5 22. Nac3 c4 23. Bc2 Bc6 24. Rf3 b5 25. Rg1 Ng7 26. Nd1 Bd7 27. Nec3 Qf7 28. Ne3 Bc6 29. g4 Kh8 30. gxf5 Nxf5 31. Nxf5 gxf5 32. Rg5 Bd7 33. Rh3 Ng6 34. Rgh5 Rg8 35. Rxh7+ Qxh7 36. Rxh7+ Kxh7 37. Qf2 a6 38. Qg3 Rg7 39. Nxd5 Bc6 40. Be4 Bxd5 41. Qh3+ Nh4 42. Qxh4+ Kg6 43. Qg5+ 1-0

[Event "Moscow Botvinnik Memorial Cup"]
[Site "Moscow"]
[Date "2024.09.08"]
[Round "7.3"]
[White "Alijonov, Khojiakbar"]
[Black "Magai, Vladimir"]
[Result "1/2-1/2"]
[WhiteElo "1672"]
[BlackElo "2492"]
[PlyCount "84"]
[EventDate "2024.09.04"]
[EventType "team-tourn"]
[EventRounds "9"]
[EventCountry "RUS"]
[SourceTitle "EXT 2025"]
[Source "ChessBase"]
[SourceDate "2024.10.14"]
[SourceVersion "1"]
[SourceVersionDate "2024.10.14"]
[SourceQuality "1"]
[WhiteTeam "Uzbekistan"]
[BlackTeam "Kyrgyzstan"]
[WhiteTeamCountry "UZB"]
[BlackTeamCountry "KGZ"]

1. d4 Nf6 2. c4 Nc6 3. Nf3 e6 4. Nc3 Bb4 5. Bd2 0-0 6. e3 d5 7. Be2 Bxc3 8. Bxc3 Ne4 9. Rc1 Nxc3 10. Rxc3 Qe7 11. a3 Rd8 12. 0-0 a5 13. Qc1 Bd7 14. h3 Be8 15. cxd5 exd5 16. Bb5 Qd6 17. Re1 Rdc8 18. Re2 f6 19. Rec2 Kf8 20. Ne1 Nxd4 21. exd4 Bxb5 22. Nf3 Bd7 23. Re3 c6 24. Rce2 Re8 25. Qb1 g6 26. Qc1 Rxe3 27. Rxe3 Re8 28. Rxe8+ Bxe8 29. Kf1 Bd7 30. Qc5 Qxc5 31. dxc5 Bf5 32. Nd4 Bd3+ 33. Ke1 Ke7 34. g3 Kd7 35. Kd2 Bc4 36. Ke3 Ba6 37. h4 a4 38. f4 b6 39. b4 axb3 40. Nxb3 Bc4 41. Nd2 Ba6 42. Kd4 b5 1/2-1/2

[Event "Moscow Botvinnik Memorial Cup"]
[Site "Moscow"]
[Date "2024.09.07"]
[Round "6.23"]
[White "Baghdasaryan, Vahe"]
[Black "Alijonov, Khojiakbar"]
[Result "1-0"]
[WhiteElo "2251"]
[BlackElo "1672"]
[PlyCount "81"]
[EventDate "2024.09.04"]
[EventType "team-tourn"]
[EventRounds "9"]
[EventCountry "RUS"]
[SourceTitle "EXT 2025"]
[Source "ChessBase"]
[SourceDate "2024.10.14"]
[SourceVersion "1"]
[SourceVersionDate "2024.10.14"]
[SourceQuality "1"]
[WhiteTeam "Armenia"]
[BlackTeam "Uzbekistan"]
[WhiteTeamCountry "ARM"]
[BlackTeamCountry "UZB"]

1. e4 e6 2. d4 d5 3. Nc3 Bb4 4. Nge2 dxe4 5. a3 Ba5 6. b4 Bb6 7. Nxe4 Ne7 8. c3 0-0 9. N2g3 Ng6 10. h4 e5 11. h5 Nf4 12. dxe5 Qxd1+ 13. Kxd1 Rd8+ 14. Kc2 Ne6 15. h6 g6 16. f4 Nf8 17. Nf6+ Kh8 18. Nge4 Nbd7 19. Ng5 Nxf6 20. Nxf7+ Kg8 21. Nxd8 Bf5+ 22. Kb2 Rxd8 23. exf6 Kf7 24. Be2 Nd7 25. g4 Be4 26. Bc4+ Kf8 27. Re1 Bf3 28. Re7 Bxg4 29. Rf7+ Ke8 30. Be3 Be2 31. Re7+ Kf8 32. Bxe2 Nxf6 33. Re6 Bxe3 34. Rxe3 Ng8 35. Rd1 Rxd1 36. Bxd1 Nxh6 37. Rh3 Kg7 38. Rd3 Nf5 39. Rd7+ Kf6 40. Rxh7 Ne7 41. Bb3 1-0